Ortografía : (Registro nro. 11365)

Detalles MARC
000 -LIDER
fixed length control field 00942nam a22002777a 4500
001 - NÚMERO DE CONTROL
Identificador de número de control 0011401
003 - IDENTIFICACDOR DE NÚMERO DE CONTROL
control field DO-SdBNP
005 - DATE AND TIME OF LATEST TRANSACTION
control field 20220608104739.0
007 - CAMPOS FIJOS DE DESCRIPCIÓN FÍSICA
fixed length control field 0011401
008 - ELEMENTOS DE LONGITUD FIJA
fixed length control field 160914b1998 mx| 00| 0 spa d
020 ## - ISBN
International Standard Book Number 9706078142
040 ## - FUENTE DE CATALOGACIÓN
Agencia que crea de manera original el registro BPMSU
Idioma de catalogación spa
Agencia que realiza la transcripción BPMSU
082 ## - NÚMERO DE CLASIFICACIÓN DECIMAL DE DEWEY
Classification number R461.03
Item number O78L 1998
Edition number 22
245 #3 - MENCIÓN DE TITULO
Título Ortografía :
Subtítulo lengua española reglas y ejercicios /
Mención de responsabilidad director Aarón Alboukrek ; redacción Gloria Fuentes, Gabriela Pérez Tagle ; revisión Ma. de Jesús Hilario
260 ## - PUBLICACIÓN, DISTRIBUCIÓN, ETC. (PIE DE IMPRENTA)
Lugar de publicación, distribución, etc México :
Nombre del editor, distribuidor, etc. Larousse,
Fecha de publicación, distribución, etc 2003.
300 ## - DESCRIPCIÓN FÍSICA
Extensión 316 p. :
Dimensiones 23 cm.
650 #4 - ENCABEZAMIENTO DE MATERIA--TEMÁTICO
Término temático o nombre geográfico como elemento de entrada Español
Subdivisión temática general Ortografía
Subdivisión de forma Manuales
650 #4 - ENCABEZAMIENTO DE MATERIA--TEMÁTICO
Término temático o nombre geográfico como elemento de entrada Españo
Subdivisión temática general Gramática
Subdivisión de forma Manuales.
700 1# - ASIENTO SECUNDARIO -- NOMBRE PERSONAL
Nombre personal Alboukrek, Aarón,
Mención de responsabilidad director editorial
700 1# - ASIENTO SECUNDARIO -- NOMBRE PERSONAL
Nombre personal Fuentes, Gloria,
Mención de responsabilidad redactora
700 1# - ASIENTO SECUNDARIO -- NOMBRE PERSONAL
Nombre personal Pérez Tagle, Gabriela,
Mención de responsabilidad redactora
700 1# - ASIENTO SECUNDARIO -- NOMBRE PERSONAL
Nombre personal Ma. de Jesús Hilario,
Mención de responsabilidad revisora
710 2# - ASIENTO SECUNDARIO -- NOMBRE CORPORATIVO
Nombre corporativo o de jurisdicción Larousse
942 ## - ADDED ENTRY ELEMENTS (KOHA)
Source of classification or shelving scheme Dewey Decimal Classification
Koha item type Libros
956 ## - LOCAL ELECTRONIC LOCATION AND ACCESS (OCLC)
Nombre de host BTAVÁREZ
Número de acceso 10
Información de compresión 20161409
Trayectoria 0011401
Existencias
Withdrawn status Lost status Source of classification or shelving scheme Damaged status Not for loan Collection code Home library Current library Date acquired Source of acquisition Full call number Barcode Date last seen Price effective from Koha item type
    Dewey Decimal Classification     Colección de Referencia General Biblioteca Pública Metropolitana Salomé Ureña Biblioteca Pública Metropolitana Salomé Ureña 09/14/2016 FUNDI BPMSU CGR R461.03 O78L 1998 BPMSU16090255 09/14/2016 09/14/2016 Libros